00421nam a22001457a 4500008004100000020001500041040001500056050002600071100002700097245008000124250001200204260003000216300001500246650001400261191016b xxu||||| |||| 00| 0 eng d a0789034247 aKABUcKABU aQP141b.W55 2009 c. 1 aWildman, Robert E. C.  aThe nutritionistbfood, nutrition, and optimal healthcRobert E. C. Wildman a2nd ed. aNew YorkbRoutledgec2009 axi, 375 p. aNutrition